Đặc điểm khí hậu miền Bắc Việt Nam
Sách cung cấp những nghiên cứu về khí hậu miền Bắc Việt Nam và những hệ quả khí hậu của hai mùa gió mùa đông và mùa hạ
Na minha lista:
| Autor principal: | |
|---|---|
| Formato: | Livro |
| Idioma: | Undetermined |
| Publicado em: |
Hà Nội
KH
1967
|
| Assuntos: | |
| Tags: |
Adicionar Tag
Sem tags, seja o primeiro a adicionar uma tag!
|
| Thư viện lưu trữ: | Trung tâm Học liệu Trường Đại học Cần Thơ |
|---|
| LEADER | 00727nam a2200181Ia 4500 | ||
|---|---|---|---|
| 001 | CTU_3293 | ||
| 008 | 210402s9999 xx 000 0 und d | ||
| 082 | |a 551.609597 | ||
| 082 | |b X305 | ||
| 100 | |a Nguyễn Xiển | ||
| 245 | 0 | |a Đặc điểm khí hậu miền Bắc Việt Nam | |
| 245 | 0 | |c Nguyễn Xiển, Phạm Ngọc Toàn | |
| 260 | |a Hà Nội | ||
| 260 | |b KH | ||
| 260 | |c 1967 | ||
| 520 | |a Sách cung cấp những nghiên cứu về khí hậu miền Bắc Việt Nam và những hệ quả khí hậu của hai mùa gió mùa đông và mùa hạ | ||
| 650 | |a climatology,vietnam - climate | ||
| 980 | |a Trung tâm Học liệu Trường Đại học Cần Thơ | ||